| 000 | 00338nam a22001457a 4500 | ||
|---|---|---|---|
| 003 | SGT | ||
| 020 | _a9788186041303 | ||
| 082 |
_a954.034 _bH11G |
||
| 100 | _aGANDHI, MOHANDAS KARAMCHAND | ||
| 245 | _aHIND SWARAJAY | ||
| 260 |
_aINDIA _bSAMAJNITI SAMIKSHAN KENDRA _c2011 |
||
| 300 | _a185 | ||
| 650 | _aMAHATMA GANDHI | ||
| 942 |
_2ddc _cBK |
||
| 999 |
_c26110 _d26110 |
||